Routledge Handbook of Socio-Legal Theory and Methods (Record no. 65343)

MARC details
000 -LEADER
fixed length control field 02386nam a2200253Ii 4500
008 - FIXED-LENGTH DATA ELEMENTS--GENERAL INFORMATION
fixed length control field 221202s xx 000 0 und d
245 #0 - TITLE STATEMENT
Title Routledge Handbook of Socio-Legal Theory and Methods
264 ## - PRODUCTION, PUBLICATION, DISTRIBUTION, MANUFACTURE, AND COPYRIGHT NOTICE
Name of producer, publisher, distributor, manufacturer Taylor & Francis
Date of production, publication, distribution, manufacture, or copyright notice 2019
300 ## - PHYSICAL DESCRIPTION
Extent 1 online resource (408 pages)
336 ## - CONTENT TYPE
Content type term text
Content type code txt
Source rdacontent
337 ## - MEDIA TYPE
Media type term computer
Media type code c
Source rdamedia
338 ## - CARRIER TYPE
Carrier type term online resource
Carrier type code cr
Source rdacarrier
520 ## - SUMMARY, ETC.
Summary, etc. Drawing on a range of approaches from the social sciences and humanities, this handbook explores theoretical and empirical perspectives that address the articulation of law in society, and the social character of the rule of law. The vast field of socio-legal studies provides multiple lenses through which law can be considered. Rather than seeking to define the field of socio-legal studies, this book takes up the experiences of researchers within the field. First-hand accounts of socio-legal research projects allow the reader to engage with diverse theoretical and methodological approaches within this fluid interdisciplinary area. The book provides a rich resource for those interested in deepening their understanding of the variety of theories and methods available when law is studied in its broadest social context, as well as setting those within the history of the socio-legal movement. The chapters consider multiple disciplinary lenses : including feminism, anthropology and sociology : as well as a variety of methodologies, including: narrative, visual and spatial, psychological, economic and epidemiological approaches. Moreover, these are applied in a range of substantive contexts such as online hate speech, environmental law, biotechnology, research in post-conflict situations, race and LGBT+ lawyers. The handbook brings together younger contributors and some of the best-known names in the socio-legal field. It offers a fresh perspective on the past, present and future of sociolegal studies that will appeal to students and scholars with relevant interests in a range of subjects, including law, sociology and politics.
653 ## - INDEX TERM--UNCONTROLLED
Uncontrolled term Law
653 ## - INDEX TERM--UNCONTROLLED
Uncontrolled term Law In Society
653 ## - INDEX TERM--UNCONTROLLED
Uncontrolled term Methods
653 ## - INDEX TERM--UNCONTROLLED
Uncontrolled term Social Character
653 ## - INDEX TERM--UNCONTROLLED
Uncontrolled term Socio-Legal Theory
700 1# - ADDED ENTRY--PERSONAL NAME
Personal name Creutzfeldt, Naomi
700 1# - ADDED ENTRY--PERSONAL NAME
Personal name Mason, Marc
700 1# - ADDED ENTRY--PERSONAL NAME
Personal name McConnachie, Kirsten
856 ## - ELECTRONIC LOCATION AND ACCESS
Uniform Resource Identifier <a href="http://library.oapen.org/handle/20.500.12657/24669">http://library.oapen.org/handle/20.500.12657/24669</a>
942 ## - ADDED ENTRY ELEMENTS (KOHA)
Koha item type E-Book
Holdings
Withdrawn status Damaged status Not for loan Home library Current library Date acquired Total Checkouts Date last seen Price effective from Koha item type
      Directory of Open Access Books Directory of Open Access Books 11/28/2022   11/28/2022 11/28/2022 E-Book

University of Rizal System
Email us at univlibservices@urs.edu.ph

Visit our Website www.urs.edu.ph/library